000 00587nam a2200217Ia 4500
003 OSt
005 20220928141448.0
006 a|||||r|||| 00| 0
007 ta
008 220927b |||||||| |||| 00| 0 eng d
024 _a15254
037 _cTextual
040 _aSDCL
_cSDCL
_beng
041 _2eng
_aeng
082 _aO122,1N:g, L3
100 _aBrereton Geoffrey
_9500380
245 0 _aIntroduction to the French poets
_b Villan to the present day.
260 _c1973
942 _hO122,1N:g, L3
_cTEXL
_2CC
999 _c817661
_d817661